Russian Cities by letter - Statistics

General Stats
  • This quiz has been taken 22 times
  • The average score is 13 of 20
Answer Stats
Letter Hint Answer % Correct
M Capital of Russia Moscow
94%
S Host of 2014 Winter Olympics Sochi
89%
A Large city on the Volga delta Astrakhan
83%
G Capital of the Republic of Chechnya Grozny
83%
R Large city located on the Don river, close to the border with Ukraine Rostov-on-don
83%
V Houses Russia's Pacific fleet and the last stop of the Trans-Siberian railway Vladivostok
83%
Y Fourth largest city in Russia and the place where the last Russian Tsar was executed Yekaterinburg
83%
I Large Siberian city near Lake Baikal Irkutsk
78%
O Major city in southwestern Siberia, on the Irtysh River Omsk
72%
U Capital of the Republic of Bashkortostan Ufa
67%
K Largest city in the Russian Far East Khabarovsk
61%
D Southernmost city in Russia, part of the Dagestan Repblic Derbent
56%
T First Russian settlement in Siberia, along the Tura river Tyumen
56%
B Capital of Altai Krai in Siberia Barnaul
44%
C Former capital of the short-lived Far Eastern Republic Chita
44%
L City of the Voronezh river, not far from the national capital Lipetsk
44%
E Capital of Europe's only Buddhist-majority political entity Elista
39%
N Home to Russia's largest port, on the Black Sea Novorossiysk
39%
P Capital of the North Caucasian Federal District Pyatigorsk
33%
Z Small, administrative okrug of Moscow known as Russia's silicon valley Zelenograd
22%
No matching quizzes found
Score Distribution
Percent of People with Each Score
Percentile by Number Answered
Your Score History
You have not taken this quiz